| 000 | 01818nam a2200433Ii 4500 | ||
|---|---|---|---|
| 001 | DIGDYK2445 | ||
| 003 | NyNyDIG | ||
| 006 | m o d | ||
| 007 | cr ||||||||||| | ||
| 008 | 230320s2022 sp ob 000 0 spa d | ||
| 035 | _a(OCoLC)1362865562 | ||
| 040 |
_aDGITA _beng _erda _epn _cDGITA |
||
| 020 |
_a9788411227599 _qelectrónico |
||
| 020 | _z9788411225786 | ||
| 050 | 1 | 4 | _aHD4904.25 ebook |
| 100 | 1 |
_aFernández Avilés, José Antonio, _eauthor. |
|
| 245 | 1 | 0 |
_aTeletrabajo y conciliación de la vida laboral, familiar y personal en clave de género / _cManuela Durán Bernardino (directora) ; Raquel Vida Fernández (coordinadora) ; José Antonio Fernández Avilés [and 3 others]. |
| 264 | 1 |
_aMadrid : _bDykinson S.L., _c2022. |
|
| 300 | _a1 online resource. | ||
| 336 |
_atext _btxt _2rdacontent |
||
| 337 |
_acomputer _bc _2rdamedia |
||
| 338 |
_aonline resource _bcr _2rdacarrier |
||
| 347 |
_atext file _2rdaft |
||
| 347 | _bPDF | ||
| 500 | _a"Acceso premium. Libro + ebook"--Cover. | ||
| 504 | _aIncludes bibliographical references. | ||
| 588 | 0 | _aOnline resource; title from PDF title page (Digitalia, viewed March 20, 2023) | |
| 650 | 0 | _aWork and family. | |
| 650 | 0 | _aWork-life balance. | |
| 650 | 0 |
_aWomen _xJob stress. |
|
| 700 | 1 |
_aDurán Bernardino, Manuela, _eeditor. |
|
| 700 | 1 |
_aVida Fernández, Raquel, _eeditor. |
|
| 776 | 0 | 8 |
_iPrint version: _aFernández Avilés, José Antonio. _tTeletrabajo y conciliación de la vida laboral, familiar y personal en clave de género. _dMadrid : Dykinson S.L., 2022 _z9788411225786 |
| 791 | 2 |
_aDigitalia (Firm), _edistributor. |
|
| 793 | 0 |
_gDigitalia eBook Collection: _aDykinson Editorial |
|
| 856 | 4 | 0 |
_3Digitalia Hispánica _uhttps://www.digitaliapublishing.com/a/124553/ |
| 910 | _aPremium collection: 2023 | ||
| 942 | _cRAA | ||
| 999 |
_c276660 _d276660 |
||